<?xml version="1.0" encoding="UTF-8"?><?xml-stylesheet type="text/xsl" href="static/style.xsl"?><OAI-PMH xmlns="http://www.openarchives.org/OAI/2.0/" xmlns:xsi="http://www.w3.org/2001/XMLSchema-instance" xsi:schemaLocation="http://www.openarchives.org/OAI/2.0/ http://www.openarchives.org/OAI/2.0/OAI-PMH.xsd"><responseDate>2026-04-13T02:56:54Z</responseDate><request verb="GetRecord" identifier="oai:www.recercat.cat:2117/412052" metadataPrefix="marc">https://recercat.cat/oai/request</request><GetRecord><record><header><identifier>oai:recercat.cat:2117/412052</identifier><datestamp>2026-01-30T09:23:17Z</datestamp><setSpec>com_2072_1033</setSpec><setSpec>col_2072_452950</setSpec></header><metadata><record xmlns="http://www.loc.gov/MARC21/slim" xmlns:dcterms="http://purl.org/dc/terms/" xmlns:xsi="http://www.w3.org/2001/XMLSchema-instance" xmlns:doc="http://www.lyncode.com/xoai" xsi:schemaLocation="http://www.loc.gov/MARC21/slim http://www.loc.gov/standards/marcxml/schema/MARC21slim.xsd">
   <leader>00925njm 22002777a 4500</leader>
   <datafield ind2=" " ind1=" " tag="042">
      <subfield code="a">dc</subfield>
   </datafield>
   <datafield ind2=" " ind1=" " tag="720">
      <subfield code="a">Leon Medina, Jersson Xavier</subfield>
      <subfield code="e">author</subfield>
   </datafield>
   <datafield ind2=" " ind1=" " tag="720">
      <subfield code="a">Parés Mariné, Núria</subfield>
      <subfield code="e">author</subfield>
   </datafield>
   <datafield ind2=" " ind1=" " tag="720">
      <subfield code="a">Pozo Montero, Francesc</subfield>
      <subfield code="e">author</subfield>
   </datafield>
   <datafield ind2=" " ind1=" " tag="260">
      <subfield code="c">2023</subfield>
   </datafield>
   <datafield ind2=" " ind1=" " tag="520">
      <subfield code="a">The extreme environmental conditions to which offshore wind turbine foundations are subjected make reliable monitoring methods necessary to predict possible structural damage. A data-driven approach was used to perform the structural health monitoring of a laboratory-scaled jacket-type wind turbine foundation. A white noise signal simulating the waves and wind in the sea was applied and amplified to the structure. The vibration-only response was measured by eight tri-axial accelerometers distributed in the structure. Five different structural classes, composed of the healthy and 4 unhealthy, were correctly classified using the following approach. 2460 measurements were acquired for the healthy structure and 820 by each one of the four unhealthy structures for 5740 measurements in total. The data was&#xd;
arranged using an unfolded procedure resulting in a two-dimensional matrix. This resulting matrix has a size of 5740 x 58008. This resulting data has a high dimensionality. Therefore, using the minimum distortion embedding (MDE) approach, a dimensionality reduction procedure transforms the original data into a low dimensional space with fewer features. The low dimensional representation given by different distortion functions was compared changing the&#xd;
repulsive and attractive penalties. The reduced feature matrix serves as input to a machine learning classifier. Several tree-based classifiers like decision trees, random forest and Adaboost were compared. A 5-fold cross validation procedure was executed to reduce the overfitting. Finally, classification accuracy was calculated as performance measure. The developed structural damage classification methodology yields high classification accuracies.</subfield>
   </datafield>
   <datafield ind2=" " ind1=" " tag="520">
      <subfield code="a">Postprint (published version)</subfield>
   </datafield>
   <datafield tag="653" ind2=" " ind1=" ">
      <subfield code="a">Àrees temàtiques de la UPC::Matemàtiques i estadística::Matemàtica aplicada a les ciències</subfield>
   </datafield>
   <datafield tag="653" ind2=" " ind1=" ">
      <subfield code="a">Structural health monitoring</subfield>
   </datafield>
   <datafield tag="653" ind2=" " ind1=" ">
      <subfield code="a">Structural health monitoring</subfield>
   </datafield>
   <datafield tag="653" ind2=" " ind1=" ">
      <subfield code="a">Minimum distortion embedding</subfield>
   </datafield>
   <datafield tag="653" ind2=" " ind1=" ">
      <subfield code="a">Wind turbine foundation</subfield>
   </datafield>
   <datafield tag="653" ind2=" " ind1=" ">
      <subfield code="a">Structural damage classification</subfield>
   </datafield>
   <datafield tag="653" ind2=" " ind1=" ">
      <subfield code="a">Monitorització de la salut estructural</subfield>
   </datafield>
   <datafield ind2="0" ind1="0" tag="245">
      <subfield code="a">Structural health monitoring in a jacket-type wind turbine foundation: a minimum distortion embedding approach</subfield>
   </datafield>
</record></metadata></record></GetRecord></OAI-PMH>